Top 10 Best Left-Backs In Football-History - Statistics

General Stats
  • This quiz has been taken 38 times
  • The average score is 5 of 10
Answer Stats
Hint Answer % Correct
2. Roberto Carlos
97%
3. Marcelo
91%
4. Ashley Cole
81%
1. Paolo Maldini
75%
6. Jordi Alba
59%
5. Philipp Lahm
50%
8. Patrice Evra
41%
9. Andreas Brehme
22%
7. Ruud Krol
16%
10. Nilton Santos
13%
No matching quizzes found
Score Distribution
Percent of People with Each Score
Percentile by Number Answered
Your Score History
You have not taken this quiz